000 00481nam a2200181Ia 4500
008 240925s9999 xx 000 0 und d
020 _a136365728
082 _a005.72 VIN
100 _aVint ,Danny R.
245 0 _aSGML At Work
250 _aNA
260 _aNew Jersey:
_bPrintice- Hall Int.
_c,1999.
300 _axvi,8445p.
_bNA
_fOriginal
500 _aIncludes Index
600 _aComputer Science
650 _aComputer science, information & general works
942 _cBK
999 _c4968
_d4968